Las cinco mentes del futuro: un ensayo educativo

Sparad:
Bibliografiska uppgifter
Huvudupphovsman: Gardner, Howard (Författare, medförfattare)
Materialtyp: Bok
Språk:spanska
Publicerad: Barcelona Paidós Ibérica 2005
Upplaga:1a. ed
Serie:PaidósAsterisco, 11
Ämnen:
Taggar: Lägg till en tagg
Inga taggar, Lägg till första taggen!

MARC

LEADER 00000nam a2200000 a 4500
001 UCK7895
003 CL-VaPUC
008 051230e20050000SP |||||||||||||||||spa|d
020 |a 8449316758 
082 0 4 |a 370.152  |b GAR  |2 21 
100 |a Gardner, Howard  |e author  |9 245668 
245 1 4 |a Las cinco mentes del futuro: un ensayo educativo 
250 |a 1a. ed 
300 |a 112 p 
942 |c BK 
945 |d 20051230 00:00:00  |a cmena 
260 |a Barcelona  |b Paidós Ibérica  |c 2005 
650 0 |a Psicología educacional   |9 307830 
650 0 |a Filosofía de la educación   |9 258384 
650 0 |a Cognición   |9 270347 
650 0 |a Desarrollo mental   |9 313003 
583 |a last modification  |c 20051230 00:00:00  |k Rodrigo Vera 
490 0 |a PaidósAsterisco, 11 
999 |c 315731  |d 315729 
952 |0 0  |1 0  |4 0  |6 370_152000000000000_GAR_2005  |7 0  |8 A  |9 389400  |a BIBING  |b BIBING  |d 2019-11-22  |i 4193571  |o 370.152 GAR 2005  |p 4193571  |r 2025-01-20  |w 2019-11-22  |y BK  |k EII